00765nam a2200181Ia 4500003000900000008004100009020002200050040001600072080001500088245019100103260004800294300001600342650004100358650003700399650009700436700002400533700002600557IN-BaIIA211028s9999 xx 000 0 eng d a978-0-521-66310-6 cIIA Library a92:53bFRO 0aFrom Newton to Hawkingba history of Cambridge University's Lucasian Professors of mathematicscedited by Kevin C. Knox and Richard Noakes  aCambridgebCambridge University Pressc2003 axxiv, 486p. aMathematicians - England - Biography aPhysicists - England - Biography aUniversity of Cambridge of applied mathematics and theoretical physics - Faculty - Biography aKnox, Kevin C., ed. aNoakes, Richard., ed.